|
|
|
|
| LEADER |
00000cam a2200000 7i4500 |
| 001 |
0000002871 |
| 002 |
000003107 |
| 005 |
20000330.0 |
| 020 |
|
|
|a 9679471683
|
| 090 |
0 |
0 |
|a 363.509595
|b MEE
|
| 245 |
0 |
0 |
|a Meeting housing needs :
|b issues and policy directions
|c edited by Kamariah Othman
|
| 260 |
|
|
|a Kuala Lumpur :
|b ISIS Malaysia ,
|c 1993
|
| 300 |
|
|
|a 140p. :
|b ill. ;
|c 23cm.
|
| 650 |
0 |
0 |
|a Housing
|z Malaysia
|
| 700 |
0 |
|
|a Kamariah Othman
|
| 999 |
|
|
|a 036445
|b BUKU
|c MALAYSIANA
|e PERPUSTAKAAN KOMUNITI PETALING JAYA
|
| 999 |
|
|
|a 0366445
|b BUKU
|c MALAYSIANA
|e PERPUSTAKAAN KOMUNITI PETALING JAYA
|
| 999 |
|
|
|a 040213
|b BUKU
|c MALAYSIANA
|e PERPUSTAKAAN KOMUNITI PETALING JAYA
|